| 000 | 01554nam a22002897a 4500 | ||
|---|---|---|---|
| 999 |
_c13929 _d13929 |
||
| 003 | AR-CdUCM | ||
| 008 | 190417b ||||| |||| 00| 0 spa d | ||
| 040 |
_aMUNICIPALIDAD PROVINCIAL DEL CUSCO _cBIBLIOTECA MUNICIPAL DEL CUSCO |
||
| 041 | _hger | ||
| 082 |
_a660.28 / _bW68 |
||
| 100 |
_aWinnacker, Karl _932547 |
||
| 245 | _aTecnología Química / | ||
| 260 |
_aBarcelona : _bGustavo Gili, _c1961. |
||
| 300 |
_a6 tomos ; _bfiguras, tablas, ilustraciones, _c24 cm. |
||
| 505 | _aContenido: t.1: Química industrial inorgánica (primera parte) -- t.2: Química industrial inorgánica (segunda parte) -- t.3: Química industrial orgánica (primera parte) -- Combustibles y lubricantes -- t.4: Química industrial orgánica (segunda parte) -- Intermedios aromáticos -- Colorantes -- Explosivos -- Medicamentos -- Plásticos -- Material fotográfico -- Barnices -- t.5: Química industrial orgánica (tercera parte) -- Madera y sus productos -- Almidón -- Azúcar -- Terpenos -- Caucho -- Alimentos -- Lavado y blanqueo -- Pesticidas -- Curtición -- t.6: Metalurgia -- Generalidades. | ||
| 650 |
_aQuímica industrial _918719 |
||
| 650 |
_aIngeniería química _919696 |
||
| 650 |
_aMetalurgia _919102 |
||
| 700 |
_aWeingaertner, Ernst (coautor) _932548 |
||
| 700 |
_aSureda Blanes, J. _932549 |
||
| 700 |
_aSanromá Nicolau, Antonio _932550 |
||
| 700 |
_aSteinkamp, Germán (traductores) _932551 |
||
| 700 |
_aAumuller, Chr. _932552 |
||
| 700 |
_aAutenrieth, H. ... (colaboradores) _932553 |
||
| 942 |
_2ddc _cLIBROS |
||
| 945 |
_aachl _d2019-04-17 |
||